01322cam a22003617a 4500003000500000005001700005008004100022010001000063011001000073035001000083040000900093090001000102100004000112245006000152260004100212300001000253502009300263590003700356590004100393590004100434590004100475590004100516590004200557650003500599650004900634650004200683650003200725901000700757942001000764949004200774999001700816952012700833CHAP20220329134213.0971013s1988 r 00010 d a16931 a17903 a21987 cCHAP aTesis00aJaramillo Guevara, Leobardo.96111914aLos cultivos de exportación y el capital trasnacional aChapingo, Méx., :bEl autor,c1988 a155 h aTesis (Ing. Agr. Esp. en Sociología Rural) -- UACH. Departamento de Sociología Rural aALEPHb10c20130110lUCH01h1239 aBATCH-UPDb10c20130109lUCH01h2331 aBATCH-UPDb10c20130110lUCH01h1117 aBATCH-UPDb10c20130410lUCH01h0708 aBATCH-UPDb10c20130914lUCH01h0840 aCONVERSIONb10c20130109lUCH01h131014aCapital en agricultura.91871014aEmpresas comerciales internacionales.93665314aExportación e importación.93907414aLegumbresxMercadeo.965740 aBK cTESIS bBCcTESd-51168eTS1h20686i21987si c16931d16931 00102local4051708TESISaBCbBCcPA_TESISd2019-12-31fTESISl0oTesisp-51168r2019-12-31 00:00:00w2019-12-31yTESIS